Právna úprava hospodárskych záväzkov pri nákupe poľnohospodárskych výrobkov a pri dodávkach poľnohospodárskych potrieb čiastková úloha ŠPEV 909-003.03.

Gespeichert in:
Bibliographische Detailangaben
1. Verfasser: Zlinský, Jozef
Format: Buch
Sprache:Slowakisch
Veröffentlicht: Bratislava Ústav hospodárskeho práva 1982
Schriftenreihe:Výskumné práce č. 87
Tags: Tag hinzufügen
Keine Tags, Fügen Sie das erste Tag hinzu!

MARC

LEADER 00000nam a2200000 4500
001 c133058
005 20041019155257.1
041 0 |a slo 
044 |a SK 
245 1 0 |a Právna úprava hospodárskych záväzkov pri nákupe poľnohospodárskych výrobkov a pri dodávkach poľnohospodárskych potrieb  |b čiastková úloha ŠPEV 909-003.03.  |c Jozef Zlinský 
264 1 |a Bratislava  |b Ústav hospodárskeho práva  |c 1982 
300 |a 89 s. 
490 1 |a Výskumné práce  |v č. 87 
830 0 |a Výskumné práce  |v č. 87 
100 1 |a Zlinský, Jozef